| 000 | 01183nam a2200289Ia 4500 | ||
|---|---|---|---|
| 001 | B6129 | ||
| 003 | IT-RoPAU | ||
| 008 | 130308s9999 xx 000 0 und d | ||
| 040 | _aIT-RoPAU | ||
| 040 | _cIT-RoPAU | ||
| 041 | _aITALIANO | ||
| 100 | _aEsposito Rosario Francesco | ||
| 100 | _gCodice Aut. SPICS: 6898 | ||
| 245 | _aDon Giacomo Margotti (1823-1877) e il teorema della quadratura del cerchio | ||
| 245 | _bDon Giacomo Margotti (1823-1877) e Il Teorema della Quadratura del Cerchio | ||
| 250 | _a1a ed. | ||
| 260 | _aROVIGO | ||
| 260 | _bIstituto Padano Arti Grafiche | ||
| 260 | _c1992 [1° Ed.:1992 - Ed.Ling.Originale:1992] | ||
| 300 | _a"24 p. (prefazione: no ; testo: 24 [pagine: 0-0])" | ||
| 500 | _aEstratto Dalla rivista Palestra del clero Marzo/Aprile 1992. Un maestro del Giornalismo Cattolico. rischio del Giornalismo Intransigente. Sua vocazione Apologetica. Armonia tra Religione e Civiltà. Don Margotti e Leone XIII : Rapporti e Corrispondenza. Guidizi Differenziati Sulla Personalità di Don Margotti. | ||
| 650 | _aSTORIA NAZIONALE DEL GIORNALISMO | ||
| 650 | _eCodice materia Spics: 7059 | ||
| 942 | _cBK | ||
| 957 | _71 | ||
| 999 |
_c94858 _d94858 |
||
| 999 | _g1 | ||